| 000 | 00692nam a2200181Ia 4500 | ||
|---|---|---|---|
| 008 | 151018s9999 xx 000 0 und d | ||
| 082 |
_bRBASDV46476 _a923.8 |
||
| 100 | _aप्रकाश बियाणी | ||
| 245 | _aलक्ष्मीनिवास मित्तल | ||
| 250 | _b1 | ||
| 260 |
_bसाकेत प्रकाशन प्रा लि औरंगाबाद _c2008 |
||
| 300 | _a112 | ||
| 600 | _aप्रकाश बियाणी | ||
| 630 | _aलक्ष्मीनिवास मित्तल | ||
| 700 | _aप्रकाश बियाणी | ||
| 730 | _aलक्ष्मीनिवास मित्तल | ||
| 942 | _cBOOK | ||
| 999 |
_c1045631 _d1045628 |
||